[Event "FICS rated standard game"]
[Site "FICS freechess.org"]
[Date "2008.01.28"]
[Round "?"]
[White "Woelfgheng"]
[Black "alfagonzalo"]
[Result "1-0"]
[WhiteElo "2051"]
[BlackElo "2161"]
[PlyCount "41"]
[EventDate "2008.??.??"]
[SourceTitle "OM Portal C 201906"]
[Source "Opening Master"]
[SourceDate "2019.06.27"]
[SourceVersion "1"]
[SourceVersionDate "2019.06.27"]
[SourceQuality "1"]

1. e4 e5 2. Nf3 Nc6 3. c3 Nf6 4. d4 Nxe4 5. d5 Ne7 6. Nxe5 Ng6 7. Nxg6 hxg6 8.
Bd3 Nf6 9. c4 Bc5 10. Qe2+ Kf8 11. Nc3 d6 12. Bg5 Bg4 13. f3 Bf5 14. Bxf5 gxf5
15. O-O-O a6 16. Qd3 g6 17. h4 Kg7 18. h5 Rxh5 19. Rxh5 gxh5 20. Qxf5 Qe7 21.
Ne4 1-0

[Event "BL 0708 (Women)"]
[Site "Germany"]
[Date "2008.01.27"]
[Round "7.3"]
[White "Zdebskaja, Natalia"]
[Black "Willrodt, Sonja"]
[Result "1-0"]
[WhiteElo "2313"]
[BlackElo "1956"]
[PlyCount "93"]
[EventDate "2007.11.10"]
[EventType "team-tourn"]
[EventRounds "11"]
[EventCountry "GER"]
[SourceTitle "EXT 2009"]
[Source "ChessBase"]
[SourceDate "2008.11.26"]
[SourceVersion "1"]
[SourceVersionDate "2008.11.26"]
[SourceQuality "1"]
[WhiteTeam "Rodewisch (W)"]
[BlackTeam "Kiel Doppelbauer (W)"]
[WhiteTeamCountry "GER"]
[BlackTeamCountry "GER"]

1. e4 e5 2. Nf3 Nc6 3. c3 Nf6 4. d4 d6 5. Bb5 Bd7 6. O-O Qe7 7. Re1 g6 8. Nbd2
Nd8 9. dxe5 dxe5 10. Bxd7+ Nxd7 11. Nc4 Bg7 12. b3 b5 13. Ba3 Qe6 14. Ne3 f6
15. Qd3 c6 16. Rad1 Bf8 17. Bxf8 Rxf8 18. Re2 Nb7 19. Red2 Ndc5 20. Qc2 Rd8 21.
b4 Rxd2 22. Nxd2 Na4 23. c4 Nb6 24. cxb5 cxb5 25. Nb3 Rf7 26. Nc5 Nxc5 27. bxc5
Nc4 28. Nxc4 Qxc4 29. Qd2 Qd4 30. Qxd4 exd4 31. Rxd4 Rc7 32. Rd5 a5 33. Kf1 Ke7
34. Ke2 Ke6 35. g4 g5 36. Kd3 Rc6 37. Kd4 Rc7 38. Rd6+ Ke7 39. Kd5 a4 40. c6 b4
41. Kc5 b3 42. axb3 axb3 43. Rd3 Ra7 44. Rxb3 Ke6 45. Kb6 Ra2 46. c7 Rc2 47.
Kb7 1-0

[Event "LSS SB-2008-0-00002"]
[Site "LSS email"]
[Date "2008.01.26"]
[Round "?"]
[White "McDonald, Graham R"]
[Black "Foote, Ian"]
[Result "1/2-1/2"]
[WhiteElo "1805"]
[BlackElo "1970"]
[PlyCount "50"]
[EventDate "2008.01.18"]
[EventType "tourn (corr)"]
[EventRounds "6"]
[SourceTitle "OM Corr 202003"]
[Source "Opening Master"]
[SourceDate "2019.05.30"]
[SourceVersion "2"]
[SourceVersionDate "2019.05.30"]
[SourceQuality "1"]

1. e4 e5 2. Nf3 Nc6 3. c3 Nf6 4. d4 exd4 5. e5 Nd5 6. Bb5 a6 7. Ba4 Nb6 8. Bb3
d6 9. exd6 Bxd6 10. O-O O-O 11. Bg5 Be7 12. Bxe7 Qxe7 13. Nxd4 Nxd4 14. Qxd4
Be6 15. Nd2 Rad8 16. Qf4 Nd5 17. Qg3 Nf6 18. Nf3 Bxb3 19. axb3 Rfe8 20. Rae1
Qd7 21. b4 Nd5 22. Rxe8+ Rxe8 23. Re1 Rxe1+ 24. Nxe1 Qe6 25. Kf1 Qe4 1/2-1/2

[Event "Reykjavik-ch"]
[Site "Reykjavik"]
[Date "2008.01.23"]
[Round "8"]
[White "Brynjarsson, Helgi"]
[Black "Johannsdottir, Johanna Bjorg"]
[Result "0-1"]
[WhiteElo "1914"]
[BlackElo "1905"]
[PlyCount "158"]
[EventDate "2008.01.06"]
[EventType "swiss"]
[EventRounds "9"]
[EventCountry "ISL"]
[SourceTitle "EXT 2009"]
[Source "ChessBase"]
[SourceDate "2008.11.26"]
[SourceVersion "1"]
[SourceVersionDate "2008.11.26"]
[SourceQuality "1"]

1. e4 e5 2. Nf3 Nc6 3. c3 Nf6 4. d3 d6 5. Be3 Be7 6. Nbd2 O-O 7. d4 exd4 8.
Nxd4 Nxd4 9. Bxd4 b6 10. Bd3 Bb7 11. Qc2 h6 12. O-O-O c5 13. Bxf6 Bxf6 14. f4
a5 15. g4 a4 16. Nf3 a3 17. b3 Re8 18. Rde1 Bh4 19. Nxh4 Qxh4 20. Rhg1 Re7 21.
c4 Rae8 22. Kb1 Qf6 23. f5 Bxe4 24. Bxe4 Rxe4 25. Rxe4 Rxe4 26. Qc1 Rxg4 27.
Rxg4 Qxf5+ 28. Ka1 Qxg4 29. Qxa3 Qd1+ 30. Kb2 Qd2+ 31. Kb1 Qxh2 32. Qa8+ Kh7
33. Qb7 Qg1+ 34. Kb2 Qf2+ 35. Ka3 h5 36. Qxb6 Qf4 37. Qb7 h4 38. Qg2 g5 39.
Qc2+ Kh6 40. Qc3 f6 41. Qh3 Qg3 42. Qf5 Qf4 43. Qc8 g4 44. Qf8+ Kg5 45. Qg7+
Kh5 46. Qh7+ Kg5 47. Qg7+ Kf5 48. Qh7+ Ke5 49. Qxh4 g3 50. Qh5+ f5 51. Qe8+ Kf6
52. Qf8+ Kg5 53. Qg7+ Kh4 54. Qh7+ Kg4 55. Qg8+ Kh3 56. Qh8+ Qh4 57. Qc3 Kh2
58. Qd2+ g2 59. Qxd6+ f4 60. Qd2 f3 61. Qd6+ Kh1 62. Qd1+ g1=Q 63. Qxf3+ Qg2
64. Qd1+ Kh2 65. Qd6+ Qgg3 66. Qd2+ Kh3 67. Qd7+ Kg2 68. Qd2+ Qf2 69. Qd5+ Kf1
70. Qd1+ Kg2 71. Qd5+ Kg3 72. Qd6+ Qhf4 73. Qg6+ Kf3 74. Qd3+ Q2e3 75. Qf1+ Ke4
76. Qg2+ Kd3 77. Qg6+ Qee4 78. Qa6 Qc1+ 79. Ka4 Qe8+ 0-1

[Event "FICS rated standard game"]
[Site "FICS freechess.org"]
[Date "2008.01.21"]
[Round "?"]
[White "Woelfgheng"]
[Black "derMandarin"]
[Result "1/2-1/2"]
[WhiteElo "2055"]
[BlackElo "2089"]
[PlyCount "26"]
[EventDate "2008.??.??"]
[SourceTitle "OM Portal C 201906"]
[Source "Opening Master"]
[SourceDate "2019.06.27"]
[SourceVersion "1"]
[SourceVersionDate "2019.06.27"]
[SourceQuality "1"]

1. e4 e5 2. Nf3 Nc6 3. c3 Nf6 4. d4 exd4 5. e5 Qe7 6. cxd4 Ne4 7. Nc3 Nxc3 8.
bxc3 d6 9. Bb5 dxe5 10. dxe5 Qc5 11. Bxc6+ Qxc6 12. O-O Bg4 13. Nd4 Bxd1
1/2-1/2

[Event "Reykjavik-ch"]
[Site "Reykjavik"]
[Date "2008.01.18"]
[Round "6"]
[White "Brynjarsson, Helgi"]
[Black "Palsson, Svanberg Mar"]
[Result "1-0"]
[WhiteElo "1914"]
[BlackElo "1820"]
[PlyCount "91"]
[EventDate "2008.01.06"]
[EventType "swiss"]
[EventRounds "9"]
[EventCountry "ISL"]
[SourceTitle "EXT 2009"]
[Source "ChessBase"]
[SourceDate "2008.11.26"]
[SourceVersion "1"]
[SourceVersionDate "2008.11.26"]
[SourceQuality "1"]

1. e4 e5 2. Nf3 Nc6 3. c3 Nf6 4. d3 Bc5 5. Be3 Bxe3 6. fxe3 d6 7. Nbd2 Bg4 8.
h3 Bh5 9. g4 Bg6 10. Qb3 Qd7 11. O-O-O O-O-O 12. g5 Nh5 13. h4 Kb8 14. Bh3 Qe7
15. Rhg1 f6 16. Be6 Na5 17. Qd5 b6 18. a4 Rhe8 19. b4 c6 20. Qa2 Qxe6 21. Qxe6
Rxe6 22. bxa5 bxa5 23. d4 exd4 24. Nxd4 Rde8 25. Nxe6 Rxe6 26. Kb2 Bxe4 27.
Nxe4 Rxe4 28. Rxd6 Kc7 29. Rd4 Rxe3 30. gxf6 gxf6 31. Kb3 f5 32. Rg5 Nf6 33.
Rxf5 Ne4 34. Rf7+ Kb6 35. Rxh7 Nxc3 36. Kc2 Nd5 37. h5 Kc5 38. Rh4 Nb4+ 39. Kd2
Ra3 40. Rxa7 Rxa4 41. h6 Ra2+ 42. Ke3 Nd5+ 43. Kf3 Ra3+ 44. Kg4 Ra4+ 45. Kg5
Rxh4 46. Kxh4 1-0

[Event "BCF-chT 0708 (4NCL)"]
[Site "Sunningdale"]
[Date "2008.01.13"]
[Round "6"]
[White "Bhatia, Kanwal K"]
[Black "Cumming, Rhys"]
[Result "1-0"]
[WhiteElo "2054"]
[BlackElo "1844"]
[PlyCount "127"]
[EventDate "2007.09.15"]
[EventType "team"]
[EventRounds "11"]
[EventCountry "ENG"]
[SourceTitle "EXT 2009"]
[Source "ChessBase"]
[SourceDate "2008.11.26"]
[SourceVersion "1"]
[SourceVersionDate "2008.11.26"]
[SourceQuality "1"]

1. e4 e5 2. Nf3 Nc6 3. c3 d5 4. Qa4 Bd7 5. exd5 Nd4 6. Qd1 Nxf3+ 7. Qxf3 Nf6 8.
Bc4 e4 9. Qe2 Bd6 10. d4 h6 11. h3 O-O 12. Be3 Rb8 13. Nd2 b5 14. Bb3 Re8 15.
O-O Qc8 16. f3 Bf5 17. c4 exf3 18. Qxf3 bxc4 19. Nxc4 Be4 20. Qf2 Bd3 21. Nxd6
cxd6 22. Rfd1 Bg6 23. Rac1 Qb7 24. Rc6 Re7 25. Bf4 Ne4 26. Qf3 Rd8 27. Rdc1 Qb4
28. Qd3 Red7 29. Qc4 Qxc4 30. Bxc4 Nf6 31. Bb5 Rb7 32. a4 Nxd5 33. Bxd6 Be4 34.
Rc8 Rxc8 35. Rxc8+ Kh7 36. Rb8 Rxb8 37. Bxb8 a5 38. g3 f5 39. Kf2 g5 40. Bc6
Kg6 41. Be8+ Kf6 42. Be5+ Ke7 43. Bh5 Nb4 44. Bg7 Nd3+ 45. Ke2 Nxb2 46. Bxh6
Kf6 47. Be8 Bc2 48. h4 gxh4 49. gxh4 Bxa4 50. Bxa4 Nxa4 51. Bd2 Nb6 52. Bxa5
Nd5 53. Bd8+ Kg6 54. Bg5 Nc7 55. Kf3 Kh5 56. Kf4 Ne6+ 57. Ke5 Nxg5 58. hxg5
Kxg5 59. d5 f4 60. d6 Kg4 61. d7 Kg3 62. d8=Q f3 63. Qg5+ Kh2 64. Qh4+ 1-0

[Event "Oberliga NRW 0708"]
[Site "Germany"]
[Date "2008.01.13"]
[Round "5.4"]
[White "Snuverink, Jochem"]
[Black "Lupor, Stefan"]
[Result "1-0"]
[WhiteElo "2255"]
[BlackElo "2293"]
[PlyCount "99"]
[EventDate "2007.09.16"]
[EventType "team"]
[EventRounds "9"]
[EventCountry "GER"]
[SourceTitle "EXT 2009"]
[Source "ChessBase"]
[SourceDate "2008.11.26"]
[SourceVersion "1"]
[SourceVersionDate "2008.11.26"]
[SourceQuality "1"]
[WhiteTeam "Gescher"]
[BlackTeam "Duesseldorf"]
[WhiteTeamCountry "GER"]
[BlackTeamCountry "GER"]

1. e4 e5 2. Nf3 Nc6 3. c3 Nf6 4. d4 exd4 5. e5 Nd5 6. Bc4 Nb6 7. Bb3 Be7 8.
cxd4 d6 9. Nc3 dxe5 10. d5 Nd4 11. Nxd4 exd4 12. Qxd4 O-O 13. O-O Bf6 14. Qd3
Be5 15. f4 Bd6 16. f5 Nd7 17. Ne4 Nc5 18. Nxc5 Bxc5+ 19. Kh1 Re8 20. Bf4 Bd6
21. Rac1 Bd7 22. Bxd6 cxd6 23. f6 g6 24. h3 Re5 25. Qd2 Bf5 26. g4 Be4+ 27. Kh2
Qf8 28. Rc7 Rae8 29. Rf2 g5 30. Ba4 Rc8 31. Re7 Rxd5 32. Qe3 Bg6 33. Rd2 Rxd2+
34. Qxd2 b5 35. Bxb5 Rc2 36. Qxc2 Bxc2 37. Re8 Qxe8 38. Bxe8 Bb1 39. a3 Ba2 40.
b4 h6 41. Bd7 d5 42. Kg3 d4 43. Kf2 Bd5 44. a4 d3 45. Ke3 Bg2 46. b5 Bxh3 47.
a5 h5 48. Bc6 Bxg4 49. b6 axb6 50. a6 1-0

[Event "Reykjavik-ch"]
[Site "Reykjavik"]
[Date "2008.01.13"]
[Round "4"]
[White "Kristjansson, Atli Freyr"]
[Black "Edvardsson, Kristjan"]
[Result "0-1"]
[WhiteElo "2019"]
[BlackElo "2261"]
[PlyCount "152"]
[EventDate "2008.01.06"]
[EventType "swiss"]
[EventRounds "9"]
[EventCountry "ISL"]
[SourceTitle "EXT 2009"]
[Source "ChessBase"]
[SourceDate "2008.11.26"]
[SourceVersion "1"]
[SourceVersionDate "2008.11.26"]
[SourceQuality "1"]

1. e4 e5 2. Nf3 Nc6 3. c3 f5 4. d4 fxe4 5. Nxe5 Nf6 6. Bg5 Be7 7. Nd2 O-O 8.
Be2 d5 9. Qb3 Kh8 10. f3 Nxe5 11. dxe5 Nh5 12. Bxe7 Qxe7 13. fxe4 Qh4+ 14. Kd1
Ng3 15. Re1 Nxe2 16. Rxe2 Bg4 17. Nf3 Bxf3 18. gxf3 dxe4 19. Qb4 Rxf3 20. Kc2
Rf2 21. Rae1 Rxh2 22. Kb3 Rxe2 23. Rxe2 a5 24. Qxb7 Qd8 25. Qxe4 Qd1+ 26. Ka3
Rb8 27. Qc2 Qxc2 28. Rxc2 h5 29. e6 Re8 30. Re2 g6 31. Ka4 Kg7 32. Kxa5 h4 33.
Kb5 Kf6 34. a4 Rxe6 35. Rf2+ Ke7 36. c4 Rb6+ 37. Kc5 Ra6 38. Kb5 Rb6+ 39. Kc5
g5 40. a5 Rg6 41. Rh2 Kd7 42. Kd4 Rh6 43. Ke3 g4 44. Rd2+ Kc6 45. Kf2 Rf6+ 46.
Kg2 Rf4 47. b3 Rf3 48. b4 Rc3 49. b5+ Kb7 50. b6 cxb6 51. axb6 Kxb6 52. Rd6+
Kc5 53. Rh6 Rc2+ 54. Kh1 h3 55. Rh4 Rxc4 56. Rh5+ Kd4 57. Rg5 Ke3 58. Rg8 Kf3
59. Rf8+ Kg3 60. Rf1 Re4 61. Kg1 Re2 62. Ra1 Kf3 63. Rf1+ Ke3 64. Rf8 Ra2 65.
Re8+ Kf3 66. Rf8+ Kg3 67. Rf1 Kh4 68. Rb1 g3 69. Rb4+ Kg5 70. Rb5+ Kf4 71. Rb4+
Ke5 72. Rb5+ Kd4 73. Rb4+ Kc3 74. Rb1 Rd2 75. Ra1 Kb2 76. Rf1 Kc2 0-1

[Event "SVK-chT2C 0708"]
[Site "Slovakia"]
[Date "2008.01.12"]
[Round "7.5"]
[White "Lednicky, Martin"]
[Black "Svana, Peter"]
[Result "1-0"]
[WhiteElo "2204"]
[BlackElo "2280"]
[PlyCount "113"]
[EventDate "2007.10.06"]
[EventType "team-tourn"]
[EventRounds "11"]
[EventCountry "SVK"]
[SourceTitle "EXT 2010"]
[Source "ChessBase"]
[SourceDate "2009.11.30"]
[SourceVersion "1"]
[SourceVersionDate "2009.11.30"]
[SourceQuality "1"]

1. e4 e5 2. Nf3 Nc6 3. c3 Nf6 4. d4 d5 5. exd5 Qxd5 6. Be3 Bg4 7. Be2 O-O-O 8.
O-O e4 9. Nfd2 Bxe2 10. Qxe2 Bd6 11. b4 Qf5 12. h3 h5 13. b5 Ne7 14. c4 g5 15.
f3 Qg6 16. fxe4 Nxe4 17. Nxe4 Qxe4 18. Nc3 Qg6 19. c5 Bg3 20. Qf3 h4 21. Qg4+
f5 22. Qxg5 Qe6 23. Bf2 Rhg8 24. Qe3 Bxf2+ 25. Qxf2 Qf6 26. Rae1 Rg7 27. Ne2
Kb8 28. Nf4 Rdg8 29. Kh1 Qf7 30. b6 cxb6 31. cxb6 Nd5 32. Re5 Nxf4 33. Qxf4 Ka8
34. Rxf5 Qe8 35. Rf8 Rxf8 36. Qxf8 Rg8 37. Qxe8+ Rxe8 38. bxa7 Re4 39. Rd1 Kxa7
40. d5 Kb8 41. Rd2 Kc7 42. Kg1 Kd6 43. Kf2 Ra4 44. Kf3 Rc4 45. Rd3 Rc2 46. a3
Ra2 47. g4 hxg3 48. Kxg3 Ra1 49. h4 Rh1 50. Kg4 b5 51. h5 Rg1+ 52. Rg3 Rh1 53.
Kg5 Kxd5 54. h6 Ke4 55. Rg4+ Kf3 56. Rh4 Rg1+ 57. Kf6 1-0

[Event "RC-2008-0-00002"]
[Site "Lechenicher SchachServer"]
[Date "2008.01.11"]
[Round "?"]
[White "Laine, Jari"]
[Black "Petersen, Hans"]
[Result "0-1"]
[WhiteElo "1618"]
[BlackElo "1682"]
[PlyCount "52"]
[EventDate "2008.01.10"]

1. e4 e5 2. Nf3 Nc6 3. c3 Nf6 4. d4 Nxe4 5. d5 Ne7 6. Nxe5 Ng6 7. Nc4 Bc5 8.
Be3 Qe7 9. Bd3 Bxe3 10. Nxe3 O-O 11. O-O Re8 12. Qc2 d6 13. Nd2 Nxd2 14. Qxd2
Nf4 15. Bb5 Bd7 16. Bxd7 Qxd7 17. Rfe1 Qe7 18. Qd4 Qg5 19. g3 Ng6 20. f4 Qh5
21. Qd1 Qh3 22. Qg4 Qxg4 23. Nxg4 h5 24. Ne3 Nf8 25. Re2 Nd7 26. Rae1 Nf6 0-1

[Event "Zupanja op-A 2nd"]
[Site "Zupanja"]
[Date "2008.01.08"]
[Round "8"]
[White "Runic, Zoran"]
[Black "Rogic, Davor"]
[Result "0-1"]
[WhiteElo "2452"]
[BlackElo "2504"]
[PlyCount "106"]
[EventDate "2008.01.03"]
[EventType "swiss"]
[EventRounds "9"]
[EventCountry "CRO"]
[SourceTitle "CBM 122 Extra"]
[Source "ChessBase"]
[SourceDate "2008.03.04"]
[SourceVersion "1"]
[SourceVersionDate "2008.03.04"]
[SourceQuality "1"]

1. e4 e5 2. Nf3 Nc6 3. c3 Nf6 4. d3 d5 5. Nbd2 g6 6. Be2 Bg7 7. O-O O-O 8. b4
a6 9. a4 Re8 10. Rb1 b6 11. Re1 Bb7 12. Bf1 Nb8 13. Qc2 Nbd7 14. g3 c6 15. Bb2
Qc7 16. c4 dxe4 17. dxe4 a5 18. c5 axb4 19. cxb6 Nxb6 20. Ra1 c5 21. a5 Nbd7
22. Nc4 h6 23. Bh3 Bc6 24. Rad1 Re7 25. Nfd2 Nh7 26. Bxd7 Rxd7 27. Nb6 Rxa5 28.
Nxd7 Bxd7 29. Nc4 Ba4 30. Qd3 Bxd1 31. Nxa5 Bg4 32. Nc4 Ng5 33. Re3 Nh3+ 34.
Kg2 Be6 35. Re1 h5 36. Rc1 Ng5 37. h4 Bxc4 38. Qxc4 Ne6 39. Qd5 Kh7 40. Kf1 Kg8
41. Ke2 Kh7 42. Kd3 Qa7 43. Qc4 Qe7 44. Ke2 Qb7 45. Kd2 Qd7+ 46. Ke2 Qb7 47. f3
Qe7 48. Ra1 g5 49. Rh1 Kg6 50. hxg5 Qxg5 51. Rh3 Bh6 52. Qd5 Qe3+ 53. Kd1 Nd4
0-1

[Event "SC-2008-0-00001"]
[Site "Lechenicher SchachServer"]
[Date "2008.01.08"]
[Round "?"]
[White "Laine, Jari"]
[Black "Vio, Mauro"]
[Result "1/2-1/2"]
[WhiteElo "1618"]
[BlackElo "1597"]
[PlyCount "107"]
[EventDate "2008.01.06"]
[SourceTitle "OM Corr 202003"]
[Source "Opening Master"]
[SourceDate "2019.05.30"]
[SourceVersion "2"]
[SourceVersionDate "2019.05.30"]
[SourceQuality "1"]

1. e4 e5 2. Nf3 Nc6 3. c3 Nf6 4. d4 exd4 5. e5 Ne4 6. Qe2 Nc5 7. cxd4 Ne6 8. d5
Ncd4 9. Nxd4 Nxd4 10. Qe4 c5 11. d6 Qa5+ 12. Nc3 Rb8 13. Be3 b5 14. Bxd4 Bb7
15. Qd3 cxd4 16. Qxb5 Qxb5 17. Nxb5 g6 18. Nxa7 Bh6 19. Nb5 O-O 20. a4 Rfe8 21.
Kd1 Rxe5 22. b4 Bd5 23. Kc2 Be4+ 24. Kb3 d3 25. Rd1 Bd5+ 26. Ka3 d2 27. Nc3 Re1
28. Be2 Bxg2 29. Rdxe1 dxe1=Q 30. Rxe1 Bd2 31. Rg1 Bxc3 32. Rxg2 Bxb4+ 33. Ka2
Kg7 34. Bb5 Rb6 35. Bxd7 Rxd6 36. Bb5 Rd2+ 37. Kb3 Ba5 38. Bc6 f5 39. f4 Rd4
40. Rf2 Bd2 41. Rxd2 Rxd2 42. a5 Rxh2 43. a6 Rd2 44. a7 Rd8 45. a8=Q Rxa8 46.
Bxa8 Kh6 47. Bf3 g5 48. fxg5+ Kxg5 49. Kc2 h5 50. Kd2 h4 51. Ke2 h3 52. Kf2 Kh4
53. Bh1 f4 54. Bf3 1/2-1/2

[Event "OP-2008-0-00440"]
[Site "Lechenicher SchachServer"]
[Date "2008.01.07"]
[Round "?"]
[White "Sharp, Robert"]
[Black "Reede, Arvo"]
[Result "0-1"]
[WhiteElo "800"]
[BlackElo "1414"]
[PlyCount "40"]
[EventDate "2008.01.05"]

1. e4 e5 2. Nf3 Nc6 3. c3 d5 4. Bd3 Nf6 5. O-O dxe4 6. Nxe5 Nxe5 7. Bc2 Bg4 8.
f3 Bc5+ 9. Kh1 exf3 10. gxf3 Bh5 11. Qe2 Qe7 12. d4 Nxf3 13. Qb5+ c6 14. Qxc5
Qxc5 15. dxc5 O-O 16. Nd2 Nxd2 17. Bxd2 Nd7 18. b4 Ne5 19. Bf4 Ng6 20. Bd6 Rfe8
0-1

[Event "Tournament"]
[Site "Krasnodar (Russia)"]
[Date "2008.01.06"]
[Round "11"]
[White "Airapetian, Valentin"]
[Black "Bogachkov, Vladislav"]
[Result "1-0"]
[WhiteElo "1934"]
[BlackElo "1855"]
[PlyCount "103"]
[EventDate "2008.??.??"]
[EventRounds "11"]
[EventCountry "RUS"]
[SourceTitle "OM OTB B 201907"]
[Source "Opening Master"]
[SourceDate "2019.07.06"]
[SourceVersion "2"]
[SourceVersionDate "2019.07.06"]
[SourceQuality "1"]

1. e4 e5 2. Nf3 Nc6 3. c3 d5 4. exd5 Qxd5 5. c4 Qd6 6. Nc3 a6 7. Ne4 Qe7 8. d3
h6 9. Be3 f5 10. Bc5 Qf7 11. Bxf8 fxe4 12. Bxg7 Qxg7 13. dxe4 Bg4 14. Be2 Nf6
15. Qc2 O-O-O 16. h3 Bxf3 17. Bxf3 Nd4 18. Qd3 Nxf3+ 19. Qxf3 Rd4 20. O-O Rxe4
21. Rae1 Rxe1 22. Rxe1 e4 23. Qf5+ Kb8 24. c5 Rd8 25. Qe6 Rg8 26. g3 Nh5 27.
Rxe4 Rd8 28. Kg2 Nf6 29. Rf4 Nd5 30. Rf7 Qg8 31. Qf5 Qg5 32. Qxg5 hxg5 33. Rg7
Nb4 34. Rxg5 Nxa2 35. h4 Nb4 36. h5 Nd5 37. g4 Nf6 38. Rg6 Nh7 39. g5 Rd5 40.
f4 Rxc5 41. Rg7 Nxg5 42. fxg5 Rc2+ 43. Kg3 Rxb2 44. h6 Rb3+ 45. Kg4 Rb4+ 46.
Kh5 Ka7 47. h7 Rb1 48. Rxc7 a5 49. g6 a4 50. Kg5 Rh1 51. Rc8 a3 52. h8=Q 1-0

[Event "OP-2008-0-00440"]
[Site "Lechenicher SchachServer"]
[Date "2008.01.06"]
[Round "?"]
[White "Sharp, Robert"]
[Black "Carias, Alberto"]
[Result "0-1"]
[WhiteElo "800"]
[BlackElo "755"]
[PlyCount "28"]
[EventDate "2008.01.05"]

1. e4 e5 2. Nf3 Nc6 3. c3 Nf6 4. d4 d6 5. Nbd2 Bg4 6. h3 Bxf3 7. gxf3 Nh5 8.
Bb5 a6 9. Bxc6+ bxc6 10. Nc4 f6 11. d5 c5 12. Qa4+ Qd7 13. Qa5 Be7 14. Be3 O-O
0-1

[Event "Mittelfranken Mitte-ch 0708"]
[Site "Zirndorf"]
[Date "2008.01.05"]
[Round "2"]
[White "Babichev, Vyacheslav"]
[Black "Saathoff, Richard"]
[Result "0-1"]
[WhiteElo "1803"]
[BlackElo "2096"]
[PlyCount "96"]
[EventDate "2008.01.04"]
[EventType "swiss"]
[EventRounds "7"]
[EventCountry "GER"]
[SourceTitle "EXT 2015"]
[Source "ChessBase"]
[SourceDate "2014.11.20"]
[SourceVersion "1"]
[SourceVersionDate "2014.11.20"]
[SourceQuality "1"]

1. e4 e5 2. Nf3 Nc6 3. c3 Nf6 4. d4 Nxe4 5. d5 Nb8 6. Nxe5 Bc5 7. Nd3 Bb6 8.
Be2 O-O 9. O-O d6 10. Nd2 Nxd2 11. Bxd2 Bf5 12. Nb4 Nd7 13. a4 a5 14. Nc2 Qf6
15. Ne3 Bg6 16. Nc4 Be4 17. Be3 Qg6 18. Bf3 Bxe3 19. Bxe4 Bxf2+ 20. Rxf2 Qxe4
21. Na3 Nf6 22. c4 Rae8 23. h3 Re5 24. Qd2 b6 25. Rc1 Qg6 26. Nb5 Ne4 27. Qf4
Nxf2 28. Qxf2 Re7 29. Nd4 Rfe8 30. Rf1 Qg5 31. Nc6 Rd7 32. Kh1 g6 33. Kh2 Qe3
34. Qf6 Qh6 35. Qd4 f5 36. b3 Rf7 37. Rf3 Qc1 38. Qh4 f4 39. g4 Re2+ 40. Rf2
Re1 41. Nd4 Rh1+ 42. Kg2 Qg1+ 43. Kf3 Qd1+ 44. Kg2 Rg1+ 45. Kh2 Rg3 46. Ne2 Qe1
47. Rxf4 Qxe2+ 48. Kxg3 Qe1+ 0-1

[Event "FICS rated standard game"]
[Site "FICS freechess.org"]
[Date "2008.01.05"]
[Round "?"]
[White "ivohristov"]
[Black "slawstol"]
[Result "1-0"]
[WhiteElo "2013"]
[BlackElo "2009"]
[PlyCount "79"]
[EventDate "2008.??.??"]
[SourceTitle "OM Portal C 201906"]
[Source "Opening Master"]
[SourceDate "2019.06.27"]
[SourceVersion "1"]
[SourceVersionDate "2019.06.27"]
[SourceQuality "1"]

1. e4 e5 2. Nf3 Nc6 3. c3 Nf6 4. d4 exd4 5. e5 Qe7 6. cxd4 d6 7. Bb5 dxe5 8.
dxe5 Qb4+ 9. Nc3 Ne4 10. Bxc6+ bxc6 11. Qd3 Bc5 12. Qxe4 Qxe4+ 13. Nxe4 Bb4+
14. Bd2 c5 15. a3 Bxd2+ 16. Nfxd2 Bb7 17. f3 Bxe4 18. Nxe4 O-O-O 19. Rd1 Rd4
20. Nxc5 Rhd8 21. Rxd4 Rxd4 22. Ke2 Rd5 23. Nd3 c5 24. Rc1 Kd7 25. Rxc5 Rxc5
26. Nxc5+ Kc6 27. b4 Kd5 28. f4 g6 29. Kd3 g5 30. g3 h6 31. Nd7 Ke6 32. Nf6
gxf4 33. gxf4 Kf5 34. Ke3 Kg6 35. Ke4 h5 36. h4 Kh6 37. b5 Kg6 38. a4 Kh6 39.
a5 Kg6 40. b6 1-0

[Event "World Cup ACP 2nd"]
[Site "Odessa"]
[Date "2008.01.04"]
[Round "1.1"]
[White "Savchenko, Boris"]
[Black "Jakovenko, Dmitrij"]
[Result "0-1"]
[WhiteElo "2589"]
[BlackElo "2720"]
[PlyCount "80"]
[EventDate "2008.01.04"]
[EventType "k.o. (rapid)"]
[EventRounds "4"]
[EventCountry "UKR"]
[SourceTitle "CBM 122 Extra"]
[Source "ChessBase"]
[SourceDate "2008.03.04"]
[SourceVersion "1"]
[SourceVersionDate "2008.03.04"]
[SourceQuality "1"]

1. e4 e5 2. Nf3 Nc6 3. c3 d5 4. Qa4 Nf6 5. Nxe5 Bd6 6. exd5 O-O 7. dxc6 Bxe5 8.
d4 Bd6 9. Be3 Ng4 10. Nd2 Nxe3 11. fxe3 Qh4+ 12. Kd1 bxc6 13. Bd3 c5 14. Kc2
Bb7 15. g3 Qh6 16. e4 cxd4 17. cxd4 c5 18. d5 Be5 19. Nf3 Bxb2 20. Rab1 Qe3 21.
Rxb2 c4 22. Ne5 cxd3+ 23. Kb1 Bxd5 24. exd5 Qxe5 25. Qc4 Rab8 26. Rb3 a5 27. d6
Qxd6 28. Rd1 Rxb3+ 29. axb3 Rd8 30. Qb5 Qe6 31. Rxd3 Qe4 32. Kc2 f5 33. Kd2
Qxd3+ 34. Qxd3 Rxd3+ 35. Kxd3 Kf7 36. Kd4 Ke6 37. Kc5 g5 38. Kd4 h6 39. h4 gxh4
40. gxh4 h5 0-1

[Event "SH-2007-0-00165"]
[Site "Lechenicher SchachServer"]
[Date "2008.01.03"]
[Round "?"]
[White "Aalderink, Gerwin"]
[Black "Salzmann, Stefan"]
[Result "1/2-1/2"]
[WhiteElo "2027"]
[BlackElo "2108"]
[PlyCount "48"]
[EventDate "2007.12.31"]
[SourceTitle "OM Corr 202003"]
[Source "Opening Master"]
[SourceDate "2019.05.30"]
[SourceVersion "2"]
[SourceVersionDate "2019.05.30"]
[SourceQuality "1"]

1. e4 e5 2. Nf3 Nc6 3. c3 Nf6 4. d4 Nxe4 5. d5 Ne7 6. Nxe5 Ng6 7. Qd4 Qf6 8.
Qxe4 Qxe5 9. Qxe5+ Nxe5 10. Bf4 d6 11. Na3 a6 12. Nc4 Ng6 13. Be3 Bf5 14. O-O-O
Be7 15. Na5 O-O 16. Be2 Rfe8 17. Rhe1 Nh4 18. Bf1 Bf6 19. h3 h5 20. a3 Rab8 21.
Nc4 g5 22. Bd2 Be4 23. Ne3 Kg7 24. b4 Re5 1/2-1/2

[Event "FICS rated standard game"]
[Site "FICS freechess.org"]
[Date "2008.01.02"]
[Round "?"]
[White "ivohristov"]
[Black "alfagonzalo"]
[Result "0-1"]
[WhiteElo "2017"]
[BlackElo "2082"]
[PlyCount "52"]
[EventDate "2008.??.??"]
[SourceTitle "OM Portal C 201906"]
[Source "Opening Master"]
[SourceDate "2019.06.27"]
[SourceVersion "1"]
[SourceVersionDate "2019.06.27"]
[SourceQuality "1"]

1. e4 e5 2. Nf3 Nc6 3. c3 Nf6 4. d4 Nxe4 5. dxe5 d5 6. Bb5 Bc5 7. O-O O-O 8.
Bxc6 bxc6 9. Nbd2 Bg4 10. Qc2 Nxd2 11. Nxd2 f6 12. Nb3 Bb6 13. exf6 Qxf6 14.
Be3 Rae8 15. Bd4 Bxd4 16. Nxd4 c5 17. Nb3 Re2 18. Qd3 Rxf2 19. Qxd5+ Kh8 20.
Rfe1 c4 21. Nd4 Rxb2 22. Rf1 Rf2 23. Qxc4 Bh3 24. Nf3 Rxg2+ 25. Kh1 Rg4 26.
Qxc7 Bg2+ 0-1